Moral intelligence of children (Record no. 12237)
[ view plain ]
| 000 -LEADER | |
|---|---|
| fixed length control field | 00653nam a2200253Ia 4500 |
| 003 - CONTROL NUMBER IDENTIFIER | |
| control field | 0100 |
| 005 - DATE AND TIME OF LATEST TRANSACTION | |
| control field | 20170901105238.0 |
| 008 - FIXED-LENGTH DATA ELEMENTS--GENERAL INFORMATION | |
| fixed length control field | 130303s9999 xx 000 0 und d |
| 020 ## - INTERNATIONAL STANDARD BOOK NUMBER | |
| International Standard Book Number | 067944811X |
| 040 ## - CATALOGING SOURCE | |
| Transcribing agency | ARRUPELIB |
| 050 ## - LIBRARY OF CONGRESS CALL NUMBER | |
| Classification number | BF723.M54C63 1997 |
| 300 ## - PHYSICAL DESCRIPTION | |
| Dimensions | 25 cm. |
| 100 ## - MAIN ENTRY--PERSONAL NAME | |
| Personal name | Coles, Robert |
| 9 (RLIN) | 34980 |
| 245 ## - TITLE STATEMENT | |
| Title | Moral intelligence of children |
| Remainder of title | how to raise a moral child |
| Statement of responsibility, etc | Robert Coles |
| 245 ## - TITLE STATEMENT | |
| Remainder of title | how to raise a moral child |
| 260 ## - PUBLICATION, DISTRIBUTION, ETC. (IMPRINT) | |
| Name of publisher, distributor, etc | Random House |
| Place of publication, distribution, etc | New York |
| Date of publication, distribution, etc | 1997 |
| 300 ## - PHYSICAL DESCRIPTION | |
| Extent | xv, 218p. ; |
| 650 ## - SUBJECT ADDED ENTRY--TOPICAL TERM | |
| Topical term or geographic name as entry element | Moral development |
| 9 (RLIN) | 8979 |
| 650 ## - SUBJECT ADDED ENTRY--TOPICAL TERM | |
| Topical term following geographic name as entry element | Moral education |
| 9 (RLIN) | 35488 |
| 650 ## - SUBJECT ADDED ENTRY--TOPICAL TERM | |
| Topical term following geographic name as entry element | Children |
| General subdivision | Conduct of life |
| 9 (RLIN) | 35489 |
| 942 00 - ADDED ENTRY ELEMENTS (KOHA) | |
| Koha issues (borrowed), all copies | 1 |
| Source of classification or shelving scheme | Library of Congress Classification |
| Koha item type | Monograph ( Printed materials) |
| Withdrawn status | Lost status | Source of classification or shelving scheme | Damaged status | Not for loan | Collection code | Home library | Current library | Shelving location | Date acquired | Total Checkouts | Full call number | Barcode | Date last seen | Date checked out | Copy number | Price effective from | Koha item type |
|---|---|---|---|---|---|---|---|---|---|---|---|---|---|---|---|---|---|
| Library of Congress Classification | Main Collection | ARRUPE LIBRARY | ARRUPE LIBRARY | 04/03/2013 | 1 | BF723.M54C63 1997 | 46003014497 | 12/09/2016 | 13/01/2015 | 1 | 04/03/2013 | Monograph ( Printed materials) | |||||
| Library of Congress Classification | Main Collection | ARRUPE LIBRARY | ARRUPE LIBRARY | Main Collection | 01/09/2017 | BF723.M54C63 1997 | 46500027989 | 01/09/2017 | 2 | 01/09/2017 | Monograph ( Printed materials) |